000 01466nam0a2200325 4500
001 RU\NLR\bibl\975610
005 20260412042520.0
010 _a5-98811-041-X
_93000
021 _aRU
_b2006-40921
_92051
035 _a(NLR Aleph) 000963535
090 _a354554
_c354554
100 _a20060816d2006 |||y0rusy50 ca
101 0 _arus
102 _aRU
105 _aa |||||||||
200 1 _aВ схватке со львом
_eвоспоминания о детстве в нацистской Европе
_e[перевод]
_fСимон Арнольд-Либстер
_gил. авт.
210 _aМосква
_cОсобая книга
_d2006
215 _a552 с.
_cил.
_d21
300 _aЗагл. и авт. ориг.: Facing The Lion / Simone Arnold Liebster
454 0 _12001#$aFacing The Lion$fSimone Arnold Liebster
_1700#1$3RU\NLR\auth\7776229$7ba$aArnold-Liebster$bS.$f1930-$gSimone$4070
_tFacing The Lion
_aArnold-Liebster, Simone (1930-)
606 _aФашизм
_xИстория
_yЕвропейские страны
_z20 в.
_jВоспоминания, записки и т.п.
_3RU\NLR\auth\661439776
_92417196
686 _aШ6(4Фр)67-49{Лх1649-140}
686 _aТ3(4Фр)62,013
686 _aТ3(4Г)63,013
700 1 _4070
_8rus
_7ca
_aАрнольд-Либстер
_bС.
_f1930-
_gСимон
_3RU\NLR\auth\7742577
_925520
801 0 _aRU
_bNLR
_c20060816
_grcr
801 1 _aRU
_bNLR
_c20060816
942 _cBOOK
980 _aNB